logo

Bir Sreshtho Munshi Abdur Rouf Library
Jhenaidah Cadet College

কবিতাসমগ্র / (Record no. 5065)

MARC details
000 -LEADER
fixed length control field 00767nam a2200229 a 4500
001 - CONTROL NUMBER
JCCL Control Number 5065
003 - CONTROL NUMBER IDENTIFIER
JCCL marc code BD-JhCC
005 - DATE AND TIME OF LATEST TRANSACTION
control field 20171207185952.0
008 - FIXED-LENGTH DATA ELEMENTS--GENERAL INFORMATION
fixed length control field 171207b xxu||||| |||| 00| 0 eng d
020 ## - INTERNATIONAL STANDARD BOOK NUMBER
International Standard Book Number 8170666724
035 ## - SYSTEM CONTROL NUMBER
system control number (BD-JhCC) 5065
040 ## - CATALOGING SOURCE
Original cataloging agency BD-JhCC
Modifying agency BD-JhCC
041 ## - LANGUAGE CODE
Language code of Book ben
082 ## - DEWEY DECIMAL CLASSIFICATION NUMBER
Classification number 891.4415
Author mark and Year CHO 1993
100 ## - MAIN ENTRY--PERSONAL NAME
Personal name চক্রবর্তী, নীরেন্দ্রনাথ
245 ## - TITLE STATEMENT
Title কবিতাসমগ্র /
Statement of responsibility, etc নীরেন্দ্রনাথ চক্রবর্তী,
260 ## - PUBLICATION, DISTRIBUTION, ETC. (IMPRINT)
Place of publication, distribution, etc ঢাকা :
Name of publisher, distributor, etc আনন্দ পাবলিশার্স প্রাইভেট লিমিটেড ,
Date of publication, distribution, etc 1993
300 ## - PHYSICAL DESCRIPTION
Pagination 287 p .:
Dimensions 22 cm .
650 ## - SUBJECT ADDED ENTRY--TOPICAL TERM
Topical term or geographic name as entry element Collection of poem
942 ## - ADDED ENTRY ELEMENTS (KOHA)
Source of classification or shelving scheme Dewey Decimal Classification
Koha item type Books
Holdings
Source of classification or shelving scheme Damaged status Not for loan Home library Current library Shelving location Date of accession Cost, normal purchase price Total Checkouts Full call number Barcode Date last seen Copy number Koha item type
Dewey Decimal Classification     JCC Rouf Library JCC Rouf Library General Stacks 12/07/2017 50.00   891.4415 CHO 1993 5926 12/07/2017 C-1 Books

JCC Library | Contacts | JCC Home

Last Update on 23 September 2017
Copyright @ 2017-2020 JCC Rouf Library
Rouf Library, Jhenidah Cadet College (JCC), Bangladesh